Statistics for 诸子百家

Click here to take the quiz!

General Stats

  • This quiz has been taken 427 times
  • The average score is 8 of 13

Answer Stats

人物学派% Correct
老子、莊子、列禦寇道家
100%
孔子、孟子、荀子、曾子、子思、子夏儒家
100%
管仲、子產、韓非、商鞅、慎到、李斯、申不害、李悝法家
99%
墨子、禽滑釐、孟勝、田襄子墨家
96%
孫武、孫臏、吳起、尉繚兵家
87%
鬼谷子、張儀、蘇秦纵横家
76%
扁鵲、岐伯 、淳于意医家
71%
鄒衍阴阳家
67%
許行、計然农家
44%
鄧析、惠施、公孫龍、尹文 、宋鈃名家
40%
呂不韋、劉安、尸佼杂家
37%
虞初、屈原、字玉小说家
21%
岐伯 、淳于意方技家
2%

Score Distribution

Percentile by Number Answered

Percent of People with Each Score

Your Score History

You have not taken this quiz